| 000 | 00795nam a22002177a 4500 | ||
|---|---|---|---|
| 005 | 20250910151402.0 | ||
| 010 | _aENG-146799 B-777364-383 BACEN25 | ||
| 020 |
_a9789395767118 _c799.00 |
||
| 035 | _aB-777364-383 | ||
| 035 | _aEN-130331 | ||
| 037 | _bAKPD | ||
| 037 | _bDBAD | ||
| 082 | _aS | ||
| 100 |
_aRoy,Nilanjana S. _984987 |
||
| 245 |
_aBlack River / _cby Nilanjana S. Roy |
||
| 260 |
_achennai _bWestland books _c2022 |
||
| 270 |
_amaduravoyl _bchennaie _e600095 |
||
| 300 |
_a350p. _c24cm(Hbk) |
||
| 942 |
_2ddc _cEN _hS _mROY |
||
| 999 |
_c209556 _d209556 |
||